| 000 | 00518cam a22001932 4500 | ||
|---|---|---|---|
| 001 | 10207405 | ||
| 003 | ARRUPE | ||
| 005 | 20160210150951.0 | ||
| 008 | 820308s1943 fr 000 0 fre | ||
| 010 | _a 44026342 | ||
| 040 |
_aDLC _cCarP _dDLC |
||
| 050 | 0 | 0 |
_aPQ2601.R2 _bC7 |
| 100 | 1 |
_aAragon, _d1897-1982. _922237 |
|
| 245 | 1 | 3 |
_aLe crève-cœur. _cby Aragon, |
| 260 |
_a[Paris] _bGallimard _c1946 |
||
| 300 |
_a78 p.; _c20 cm. |
||
| 906 |
_a0 _bcbc _cpremunv _du _encip _f19 _gy-gencatlg |
||
| 942 |
_2lcc _cMONOGRAPH |
||
| 999 |
_c124158 _d124158 |
||